000 00284nam a2200109 4500
999 _c10629
_d10629
003 OSt
005 20220429183312.0
008 220429b ||||| |||| 00| 0 eng d
100 _a Faulkner, Ray, 1906-1975; Faulkner, Sarah; Nissen, LuAnn
245 _a Inside today's home
942 _2ddc